000 00715cab a2200265 4500
001 ABS47867
008 090401t1993 xxu||||| |||| 00| 0 eng d
035 _a(Sirsi) u63769
041 _aeng
100 _aJones, G.E.
245 4 _aThe University of Plymouth
260 _c1993
350 _a0
490 _aSurveying World
_v1(2) January 1993, 21 (1)
520 _aA profile of the University`s hydrographic surveying courses.
650 _aCAREERS, EDUCATION AND TRAINING
650 _aHYDROGRAPHIC SURVEYING
650 _aMARINE STUDIES
650 _aRICS
650 _aSURVEYING COURSES
650 _aUNIVERSITY OF PLYMOUTH
690 _aLAND SURVEYING
942 _n0
948 _c04/03/1997
999 _c39666
_d39666